Criterios clave para realizar evaluaciones de calidad /
| Auteur principal: | |
|---|---|
| Format: | Livre |
| Langue: | espagnol |
| Publié: |
San José, Costa Rica :
Editorial Universidad de Costa Rica,
2014
|
| Sujets: |
MARC
| LEADER | 00000nam a2200000 4500 | ||
|---|---|---|---|
| 008 | 150910b2014 cr ||||| |||| 00| | spa d | ||
| 020 | |a 9789968464161 | ||
| 090 | |a 01.01.06 |b 2270 | ||
| 100 | 1 | |9 120 |a Picado Gattgens, Xinia | |
| 245 | 1 | 0 | |a Criterios clave para realizar evaluaciones de calidad / |c Xinia Picado Gattgens |
| 260 | |a San José, Costa Rica : |b Editorial Universidad de Costa Rica, |c 2014 | ||
| 300 | |a 71 páginas | ||
| 650 | 1 | 4 | |9 950 |a EVALUACIÓN DE PROYECTOS |
| 650 | 1 | 4 | |9 969 |a EVALUACIÓN DE PROGRAMAS |
| 942 | |i 004051 |h 01.01.06 2270 |2 z |c 01 | ||
| 999 | |c 2860 |d 2860 | ||
